Statistiques concernant Renaissance, Humanisme et Réformes Religieuses

Cliquez ici pour prendre le quiz!

Statistiques générales

  • Ce quiz a été pris 41 fois
  • Le résultat moyen est 6 sur 72

Statistiques - réponses

HintRéponse% Correct
L'Imprimerie de qui?Gutenburg
44%
Peint par qui?Michel Ange
44%
Date de la prise de Constantinople :1453
41%
Date du Nouveaux Testament :1453
41%
95 Thèses1517
35%
Nom de la religion Protestante que Jean Calvin a créé en 1530 :Calvinisme
32%
Qui a trahis Jésus?Judas
32%
Première oeuvre qu'il a publié?La Bible
32%
Ville centre de la renaissance au XVe?Florence
29%
Le Prince de l'HumanismeErasme
26%
Ville centre de la renaissance au XVIe?Rome
26%
Notion de rentrer au Paradis :Salut
24%
Nom de la religion Protestante que Henri XVIII a créé en 1534 :Anglicanisme
21%
Comment s'appelle les amis de Jésus :apôtres
21%
Réunion de tous les évêques :Concile de Trente
18%
Qui a inventé la peinture à l'huile?Jan van Eyck
18%
Exemple :Médicis
18%
Dernier repas du Christ :Cène
15%
Familles puissantes et riche qui soutienne les arts pour faire rayonner leur influence?Mecenes
15%
Application de peinture sur du plâtre humide :fresque
12%
Autre foyer artistique :Pays Bas
12%
Fin Temporaire des guerres de religion dans le Saint Empire1555
9%
La table est :ronde
9%
Style d'Art CatholiqueArt Baroque
6%
La compagnie de Jésus est fondé par qui?Ignace de Loyola
6%
Traité de Paix dans le Saint EmpirePaix d'Augsburg
6%
Traité pour arrêter les guerres de religion en France :Traité de Nantes
6%
Luther est prof à quel université?Wittenburg
6%
Date de naissance et mort de Luther :1483-1546
3%
Date de "Le Dernier Repas" :1530
3%
Inventé quand?1530
3%
Date de la réunion :1545-1563
3%
Jésus réconfort qui?Pierre
3%
la Justification par la foi :Sola Fide
3%
Seulement l'écriture est importante :Sola Scriptura
3%
Date Chapelle Sixtine1508-1512
0%
Fin des guerres de religion dans les Pays Bas Espagnols :1581
0%
Combien de livres sont imprimés au XVIe siècle?210 000 000
0%
Liturgie simplifier :Baptême, Communion et Confession
0%
Ils signent leurs oeuvres de quoi?blazon
0%
Ses trois innovations?caractères en plomb, nouvelle encre et presse à imprimer.
0%
Changement fait a la religion Catholique :contreréforme
0%
crises religieuse de l'époque :crâne en anamorphose
0%
La Jeunesse :creation de l'humanité
0%
La Jeunesse :creation du monde
0%
Les nouveautés italiennes influencent qui?Des Souverains et des riches marchands
0%
Permet de faire quoi?diffuser le savoir
0%
Idée universalisme :étude de langues anciennes, les lettres, la philosophie, les sciences et l'histoire.
0%
Qui attire De Vinci à sa court?François 1er de France
0%
Donne Luther refuge à Wartburg :Frederic de Saxe
0%
Malheurs de l'époque :Guerre de Cent Ans et la Grande Peste
0%
Judgement religieux de leur comportent :Jugement Dernier
0%
Le Chapelle tourne autour de :la Jeunesse
0%
Les Catholiques critique qui?l'Eglise et le Pape
0%
Il traduit avec :les manuscrits originaux en grec
0%
La diffusion de la renaissance suit :les principaux courants commerciaux
0%
Qui arrive en Italie?Les savants byzantin
0%
Humanisme :L'homme au centre du monde
0%
Artistes s'inspirent de quoi de L'Humanisme?L'homme au centre du monde
Inspiration de L'antiquité
progrès
0%
Ils savent faire quoi?Lire et écrire en Latin
0%
Peintre du "Le Dernier Repas" :Lucas Cranach l'Ancien
0%
Nouvelle catégorie social privilégier :maîtres imprimeurs
0%
l'esprit critiqueobservation
0%
Qui construit la Basilique Saint Pierre de Rome?Pape Jules II
0%
Ils ont quel privilège?porter une épée
0%
Raison religieuse de combattre les Protestants :prédication
0%
Renaissance :progrès techniques
0%
Italie du Nord, Pays Bas et la Vallée du Rhin :République des Lettres
0%
Prise de Constantinople :rupture interlectuel
0%
Les Fonctions de prêtre :Sacerdoce
0%
3 épisodes marquant l'Humanité avec Noé :Sacrifice, iverèse, delange
0%
Le grâce seul :Sola Garcia
0%

Distribution des résultats

Percentile par nombre de réponses

% des personnes avec chaque résultat

Votre développement - résultats

Vous n’avez pas pris ce quiz